000
00243nam a22000857a 4500
008
161228b xxu||||| |||| 00| 0 eng d
100
_9
2203
_a
Kandhri.M.M
245
_a
Abc Of Eviromental Studies-2
260
_a
New Delhi
_b
Holy Faith Intrenational
_c
2010
999
_c
5091
_d
5091